The Palgrave handbook of leadership in transforming Asia /

Bibliographic Details
Other Authors: Muenjohn, Nuttawuth, (Editor), McMurray, Adela, (Editor)
Format: eBook
Language:English
Published: London, England : Palgrave Macmillan, 2017.
Series:Palgrave Handbooks
Subjects:
Online Access:Click to View
LEADER 01798nam a2200433 i 4500
001 EBC4926744
003 MiAaPQ
005 20200520144314.0
006 m o d |
007 cr cnu||||||||
008 170922t20172017enka ob 001 0 eng d
020 |z 9781137579386 
020 |a 9781137579409 (e-book) 
035 |a (MiAaPQ)EBC4926744 
035 |a (Au-PeEL)EBL4926744 
035 |a (CaPaEBR)ebr11429822 
035 |a (OCoLC)995357637 
040 |a MiAaPQ  |b eng  |e rda  |e pn  |c MiAaPQ  |d MiAaPQ 
043 |a a------ 
050 4 |a HC412  |b .P354 2017 
082 0 |a 330.918230829  |2 23 
245 0 4 |a The Palgrave handbook of leadership in transforming Asia /  |c Nuttawuth Muenjohn, Adela McMurray, editors. 
264 1 |a London, England :  |b Palgrave Macmillan,  |c 2017. 
264 4 |c 2017 
300 |a 1 online resource (613 pages) :  |b illustrations, tables. 
336 |a text  |2 rdacontent 
337 |a computer  |2 rdamedia 
338 |a online resource  |2 rdacarrier 
490 0 |a Palgrave Handbooks 
504 |a Includes bibliographical references at the end of each chapters and index. 
588 |a Description based on print version record. 
590 |a Electronic reproduction. Ann Arbor, MI : ProQuest, 2016. Available via World Wide Web. Access may be limited to ProQuest affiliated libraries. 
651 0 |a Asia  |x Economic conditions. 
655 4 |a Electronic books. 
700 1 |a Muenjohn, Nuttawuth,  |e editor. 
700 1 |a McMurray, Adela,  |e editor. 
776 0 8 |i Print version:  |t Palgrave handbook of leadership in transforming Asia.  |d London, England : Palgrave Macmillan, c2017   |h xxii, 614 pages   |k Palgrave Handbooks.  |z 9781137579386   |w 2017941620 
797 2 |a ProQuest (Firm) 
856 4 0 |u https://ebookcentral.proquest.com/lib/matrademy/detail.action?docID=4926744  |z Click to View